Progress in polymer science, Japan

में बचाया:
ग्रंथसूची विवरण
स्वरूप: पुस्तक
भाषा:Undetermined
प्रकाशित: Tokyo Kodansha 1971
विषय:
टैग : टैग जोड़ें
कोई टैग नहीं, इस रिकॉर्ड को टैग करने वाले पहले व्यक्ति बनें!
Thư viện lưu trữ: Trung tâm Học liệu Trường Đại học Cần Thơ
LEADER 00421nam a2200157Ia 4500
001 CTU_95094
008 210402s9999 xx 000 0 und d
082 |a 547 
082 |b P964/Vol.1 
245 0 |a Progress in polymer science, Japan 
260 |a Tokyo 
260 |b Kodansha 
260 |c 1971 
650 |a Polymers,Polymerization,Polymers 
904 |i Năm 
980 |a Trung tâm Học liệu Trường Đại học Cần Thơ